Українська література (Запис № 314082)

МАРК-запис
000 -Лідер
fixed length control field 00772nam a22002417a 4500
001 - Контрольний номер
control field 27731
003 - Ідентифікатор контрольного номера
control field UA-OsUOA
005 - Дата та час останнього входження (трансакції)
control field 20200126205841.0
007 - Фіксоване поле фізичного опису
fixed length control field ta
008 - Елементи даних фіксованої довжини – загальна інформація
fixed length control field 20040913b un ||||| |||| 00| 0 ukr d
020 ## - Міжнародний стандартний книжковий номер (ISBN)
Міжнародний стандартний книжковий номер (ISBN) (НП) 966-8033-05-1
040 ## - Джерело каталогізації
Агенція оригінальної каталогізації UA-OsUOA
Мова каталогізації ukr
Агенція, яка здійснювала перезапис UA-OsUOA
Агенція, яка здійснювала модифікацію UA-OsUOA
041 ## - Код мови
Код мови тексту/ звукової доріжки чи окремого заголовка (П) ukr
044 ## - Код країни видавця/ виробника
Код країни видавця/ виробника (П) UA
080 ## - Індекс Універсальної десяткової класифікації
Індекс Універсальної десяткової класифікації (УДК) (НП) 82(477)(075.3)
090 ## - Локальний шифр розміщення
Класифікаційний індекс УДК 82(477)(075.3)
Авторський знак (НП) У45
245 ## - Відомості про назву
Назва (НП) Українська література
Решта назви (НП) хрестоматія для 10-го класу середніх загальноосвітніх навчальних закладів
Дані про відповідальність (НП) упоряд. П. П. Хропко, В. Ф. Погребенник
260 ## - Публікація, розповсюдження і т.п. (Вихідні дані)
Місце публікації, розповсюдження і т.п. (П) Київ
Ім’я/ наймення видавництва, розповсюджувача і т.п. (П) Ковчег
Дата публікації, розповсюдження і т.п. (П) 2003
300 ## - Фізичний опис
Обсяг 672 с.
650 #7 - Додаткове предметне введення – тематичний термін
Джерело заголовка чи терміна UDC
942 ## - Додаткові елементи входу (Коха)
Тип елемента Koha Книги
Source of classification or shelving scheme Universal Decimal Classification
955 ## - Код типу видання за змістом
Код типу видання за змістом (НП) інше
Фонди
Стан вилучень Стан втрат Джерело класифікації або схеми стелажів Стан уражень Не для кредиту Постійне місце розташування Поточне розміщення Дата придбання Вартість, звичайна ціна покупки Інвентарний номер Усього замовленно Повний номер виклику Штрих-код Дата останнього перегляду Ціна ефективна від Тип елемента Koha Усього утримується
    Universal Decimal Classification     АБ - Абонемент НБ АБ - Абонемент НБ 20/04/2005 25.00 84734   82(477)(075.3) У45 84734 10/02/2022 13/09/2004 Книги  
Withdrawn   Universal Decimal Classification   Not For Loan АБ - Абонемент НБ АБ - Абонемент НБ 13/09/2004 7.44 93489   82(477)(075.3) У45 93489 13/07/2019 13/09/2004 Книги 1
Withdrawn   Universal Decimal Classification     АБ - Абонемент НБ АБ - Абонемент НБ 13/09/2004 7.44 93490   82(477)(075.3) У45 93490 13/07/2019 13/09/2004 Книги  
    Universal Decimal Classification     АБ - Абонемент НБ АБ - Абонемент НБ 13/09/2004 7.44 93491   82(477)(075.3) У45 93491 10/02/2022 13/09/2004 Книги  
    Universal Decimal Classification     АБ - Абонемент НБ АБ - Абонемент НБ 13/09/2004 7.44 93492   82(477)(075.3) У45 93492 10/02/2022 13/09/2004 Книги  
Withdrawn   Universal Decimal Classification     АБ - Абонемент НБ АБ - Абонемент НБ 13/09/2004 7.44 93493   82(477)(075.3) У45 93493 13/07/2019 13/09/2004 Книги  
    Universal Decimal Classification     ЧЗ - Читальна зала ЧЗ - Читальна зала 02/03/2005 5.38 83354   82(477)(075.3) У45 83354 13/07/2019 13/09/2004 Книги  
    Universal Decimal Classification     ЧЗ - Читальна зала ЧЗ - Читальна зала 02/03/2005 5.38 83355   82(477)(075.3) У45 83355 07/02/2022 13/09/2004 Книги  
    Universal Decimal Classification     ЧЗ - Читальна зала ЧЗ - Читальна зала 02/03/2005 5.38 83356   82(477)(075.3) У45 83356 07/02/2022 13/09/2004 Книги  
    Universal Decimal Classification     ЧЗ - Читальна зала ЧЗ - Читальна зала 02/03/2005 5.38 83357   82(477)(075.3) У45 83357 07/02/2022 13/09/2004 Книги